Toàn tập Xuân Diệu

Phấn thông vàng[ truyện ngắn].- Trường ca[ bút kí].- Việt Nam nghìn dặm [ bút kí].- Việt Nam trở dạ[ bút kí].- Kí sự thăm nước Hung [ bút kí].- Triều lên [ bút kí].- Dao có mài mới sắc [ bút kí văn học ]...

Deskribapen osoa

Gorde:
Xehetasun bibliografikoak
Egile nagusia: Xuân Diệu
Formatua: Liburua
Hizkuntza:Undetermined
Argitaratua: Hà Nội Văn học 2001
Gaiak:
Etiketak: Etiketa erantsi
Etiketarik gabe, Izan zaitez lehena erregistro honi etiketa jartzen!
Thư viện lưu trữ: Trung tâm Học liệu Trường Đại học Cần Thơ
LEADER 00844nam a2200205Ia 4500
001 CTU_42897
008 210402s9999 xx 000 0 und d
082 |a 895.922008 
082 |b X502/T.2 
100 |a Xuân Diệu 
245 0 |a Toàn tập Xuân Diệu 
245 0 |c Xuân Diệu 
260 |a Hà Nội 
260 |b Văn học 
260 |c 2001 
520 |a Phấn thông vàng[ truyện ngắn].- Trường ca[ bút kí].- Việt Nam nghìn dặm [ bút kí].- Việt Nam trở dạ[ bút kí].- Kí sự thăm nước Hung [ bút kí].- Triều lên [ bút kí].- Dao có mài mới sắc [ bút kí văn học ] 
650 |a Vietnamese literature 
650 |y 20th century 
904 |i Trọng Hải 
980 |a Trung tâm Học liệu Trường Đại học Cần Thơ